HIT ME HARD AND SOFT - Billie Eilish - Statistics

Statistiche generali
  • Questo quiz è stato fatto 23 volte
  • Il punteggio medio è 8 su 10
Statistiche sulle risposte
Risposta % Corretto
2 Lunch
90%
1 Skinny
86%
5 Wildflower
86%
4 Birds of a Feather
81%
10 Blue
81%
8 The Diner
81%
3 Chihiro
76%
7 L'Amour De Ma Vie
71%
9 Bittersuite
67%
6 The Greatest
62%
Nessun quiz corrispondente trovato
Distribuzione punteggi
Percentuale di utenti per punteggio
Percentile per numero di risposta
I tuoi punteggi nel tempo
Non hai fatto questo quiz